000 01091nam a2200193Ia 4500
001 11088
003 GE_BSU
008 181216s||||||||xx |||||||||||||| ||und||
040 _cGE_BSU
080 _a81'374.3=353.1
245 _aქართული ენის განმარტებითი ლექსიკონი.ტ.III. დ-ე.=Толковый словарь грузинского языка.Т.III. Д-Е.
245 _cმთ.რედ.გ.ახვლედიანი, ივ.გიგინეიშვილი, ი.გრიშაშვილი და სხვ. პროფ.არნ ჩიქობავას საერთო რედაქციით
260 _aთბილისი.
260 _bსაქ.სსრ.მეცნ.აკად.გამ-ბა.
260 _c1953.
300 _a1535გვ;28სმ.
653 _aქართული ენის განმარტებითი ლექსიკონი.ტ.III. დ-ე.=Толковый словарь грузинского языка.Т.III. Д-Е.
942 _cBK
999 _c44329
_d44329